Capital spending on building (Record no. 89986)

MARC details
000 -LEADER
fixed length control field 01260cam a2200361 4500
001 - CONTROL NUMBER
control field B271
008 - FIXED-LENGTH DATA ELEMENTS--GENERAL INFORMATION
fixed length control field 090401t1986 xxu||||| |||| 00| 0 eng d
035 ## - SYSTEM CONTROL NUMBER
System control number (Sirsi) u34723
041 ## - LANGUAGE CODE
Language code of text/sound track or separate title eng
050 ## - LIBRARY OF CONGRESS CALL NUMBER
Classification number 338.4369
-- 18
110 ## - MAIN ENTRY--CORPORATE NAME
Corporate name or jurisdiction name as entry element Building Centre Trust
9 (RLIN) 3162
245 ## - TITLE STATEMENT
Title Capital spending on building
Remainder of title a review of recent infrastructure reports for the Building Centre Trust undertaken by the Centre for Construction Market Information Spring 1986
260 ## - PUBLICATION, DISTRIBUTION, ETC.
Place of publication, distribution, etc. London
Name of publisher, distributor, etc. Building Centre Trust
Date of publication, distribution, etc. 1986
300 ## - PHYSICAL DESCRIPTION
Extent 19, 39p.
Dimensions 30cm.
350 ## - PRICE (NR) (BK AM CF MU VM SE) [OBSOLETE]
Price 40
505 ## - FORMATTED CONTENTS NOTE
Formatted contents note Past policies and their consequences
505 ## - FORMATTED CONTENTS NOTE
Formatted contents note Rationale for spending
505 ## - FORMATTED CONTENTS NOTE
Formatted contents note Definition of need
505 ## - FORMATTED CONTENTS NOTE
Formatted contents note Spending programmes and job creation
505 ## - FORMATTED CONTENTS NOTE
Formatted contents note Policy recommendations
505 ## - FORMATTED CONTENTS NOTE
Formatted contents note The response
505 ## - FORMATTED CONTENTS NOTE
Formatted contents note Coverage by subject
505 ## - FORMATTED CONTENTS NOTE
Formatted contents note Content by subject
505 ## - FORMATTED CONTENTS NOTE
Formatted contents note Rationale for spending
505 ## - FORMATTED CONTENTS NOTE
Formatted contents note Evidence of need: indicators
505 ## - FORMATTED CONTENTS NOTE
Formatted contents note Evidence of need: circulation programmes
505 ## - FORMATTED CONTENTS NOTE
Formatted contents note Comparison of statistics on the costs of repairing local authority dwellings
505 ## - FORMATTED CONTENTS NOTE
Formatted contents note Spending programmes
505 ## - FORMATTED CONTENTS NOTE
Formatted contents note Job creation
690 ## - LOCAL SUBJECT ADDED ENTRY--TOPICAL TERM (OCLC, RLIN)
Topical term or geographic name as entry element BUILT ENVIRONMENT-CONSTRUCTION MARKET
942 ## - ADDED ENTRY ELEMENTS (KOHA)
Suppress in OPAC 0
948 ## - LOCAL PROCESSING INFORMATION (OCLC); SERIES PART DESIGNATOR (RLIN)
c (OCLC) 04/03/1997
Holdings
Withdrawn status Lost status Source of classification or shelving scheme Damaged status Not for loan Home library Current library Shelving location Date acquired Cost, normal purchase price Total Checkouts Full call number Barcode Date last seen Copy number Cost, replacement price Price effective from Koha item type
    Dewey Decimal Classification     London London Basement 14/09/1999 40.00   SHELF 202 30003635 06/08/2019 1 40.00 06/08/2019 Book